000
00313nam a2200133Ia 4500
005
20251222141939.0
008
251222s9999||||xx |||||||||||||| ||spa||
082
_a
287.1/D86
100
_a
Doig Klinge, Germán
245
0
_a
Derechos Humanos
250
_a
2a. ed.
264
_b
Vida y Espiritualidad
942
_c
LIB
999
_c
9305
_d
9305